000 00783nam a2200265Ia 4500
003 OSt
005 20220918184604.0
006 a|||||r|||| 00| 0
007 ta
008 220917b |||||||| |||| 00| 0 eng d
024 _a47,213
037 _cTextual
040 _aARTS
_cARTS
_beng
041 _2eng
_aeng
082 _aP, K68 (PD)
100 _aWilliams Joseph Marek
_966113
245 0 _aSome grammatical characteristics of continuous discourse
260 _aAnn arbor
_bUniv Of Microfilms
_c1966
300 _aiv,578p.
_ccm.
490 _aUniversity of Wisconsin , Linguistics (Department of-) Thesis , 1967
500 _aBib 573-78p
650 _aLINGUISTICS
942 _hP, K68 (PD)
_cTEXL
_2CC
999 _c177082
_d177082